<?xml version="1.0" encoding="UTF-8"?>
<record
    xmlns:xsi="http://www.w3.org/2001/XMLSchema-instance"
    xsi:schemaLocation="http://www.loc.gov/MARC21/slim http://www.loc.gov/standards/marcxml/schema/MARC21slim.xsd"
    xmlns="http://www.loc.gov/MARC21/slim">

  <leader>03114nam a2200421 c 4500</leader>
  <controlfield tag="001">57877</controlfield>
  <controlfield tag="003">CO-BoRNBP</controlfield>
  <controlfield tag="005">20250811215204.0</controlfield>
  <controlfield tag="007">ta</controlfield>
  <controlfield tag="008">221113r20142019ck abo|gr|||| s   0dspa d</controlfield>
  <datafield tag="020" ind1=" " ind2=" ">
    <subfield code="a">9789583001789</subfield>
  </datafield>
  <datafield tag="040" ind1=" " ind2=" ">
    <subfield code="a">CO-BoRNBP</subfield>
    <subfield code="b">spa</subfield>
    <subfield code="e">rda</subfield>
    <subfield code="c">CO-BoRNBP</subfield>
  </datafield>
  <datafield tag="041" ind1="0" ind2=" ">
    <subfield code="a">spa</subfield>
  </datafield>
  <datafield tag="043" ind1=" " ind2=" ">
    <subfield code="a">s-ck---</subfield>
  </datafield>
  <datafield tag="082" ind1="0" ind2="4">
    <subfield code="a">398.09861</subfield>
    <subfield code="b">A11a</subfield>
    <subfield code="2">22</subfield>
  </datafield>
  <datafield tag="100" ind1=" " ind2=" ">
    <subfield code="a">Abad&#xED;a Morales, Guillermo,</subfield>
    <subfield code="d">1912-2010</subfield>
    <subfield code="e">aut</subfield>
    <subfield code="9">42583</subfield>
  </datafield>
  <datafield tag="245" ind1="1" ind2="0">
    <subfield code="a">ABC del folklore colombiano /</subfield>
    <subfield code="c">Guillermo Abad&#xED;a Morales ; ilustrado por Claudia Garc&#xED;a Ochoa ; fotograf&#xED;a de Daniel Valencia ; edici&#xF3;n de Alberto Ram&#xED;rez Santos.</subfield>
  </datafield>
  <datafield tag="250" ind1=" " ind2=" ">
    <subfield code="a">Primera edici&#xF3;n.</subfield>
    <subfield code="b">D&#xE9;cimo quinta reimpresi&#xF3;n, Decimo sexta reimpresi&#xF3;n</subfield>
  </datafield>
  <datafield tag="264" ind1=" " ind2="1">
    <subfield code="a">Bogot&#xE1;, Colombia :</subfield>
    <subfield code="b">Panamericana Editorial,</subfield>
    <subfield code="c">2019-2023</subfield>
  </datafield>
  <datafield tag="300" ind1=" " ind2=" ">
    <subfield code="a">202 p&#xE1;ginas :</subfield>
    <subfield code="b">ilustraciones, mapas, fotograf&#xED;as a color y a blanco y negro</subfield>
  </datafield>
  <datafield tag="336" ind1=" " ind2=" ">
    <subfield code="a">texto</subfield>
    <subfield code="b">txt</subfield>
    <subfield code="2">rdacontenido</subfield>
  </datafield>
  <datafield tag="337" ind1=" " ind2=" ">
    <subfield code="a">sin mediaci&#xF3;n</subfield>
    <subfield code="b">n</subfield>
    <subfield code="2">rdamedio</subfield>
  </datafield>
  <datafield tag="338" ind1=" " ind2=" ">
    <subfield code="a">volumen</subfield>
    <subfield code="b">nc</subfield>
    <subfield code="2">rdasoporte</subfield>
  </datafield>
  <datafield tag="500" ind1=" " ind2=" ">
    <subfield code="a">El material de la dotaci&#xF3;n PNLB 2022, corresponde a la d&#xE9;cimo quinta reimpresi&#xF3;n de 2019</subfield>
  </datafield>
  <datafield tag="500" ind1=" " ind2=" ">
    <subfield code="a">Incluye datos biogr&#xE1;ficos del autor en la solapa</subfield>
  </datafield>
  <datafield tag="505" ind1="0" ind2=" ">
    <subfield code="t">&#xBF;Qu&#xE9; es el folklore?</subfield>
    <subfield code="t">Regi&#xF3;n Andina.</subfield>
    <subfield code="t">Regi&#xF3;n Caribe.</subfield>
    <subfield code="t">Regi&#xF3;n Pac&#xED;fica.</subfield>
    <subfield code="t">Regi&#xF3;n Llanera.</subfield>
    <subfield code="t">Regi&#xF3;n insular.</subfield>
    <subfield code="t">Las fiestas m&#xE1;s importantes de Colombia.</subfield>
    <subfield code="t">Tonadas y cantos ind&#xED;genas.</subfield>
    <subfield code="t">Clasificaci&#xF3;n de cantos y tonadas ind&#xED;genas colombianos.</subfield>
    <subfield code="t">Cuadro de tribus ind&#xED;genas colombianas actuales.</subfield>
    <subfield code="t">Lista de instrumentos musicales del folklore colombiano.</subfield>
    <subfield code="t">Cantos, tonadas y aires folkl&#xF3;ricos de Colombia</subfield>
  </datafield>
  <datafield tag="520" ind1=" " ind2=" ">
    <subfield code="a">El maestro Guillermo Abad&#xED;a Morales nos conduce a trav&#xE9;s del folclore colombiano, revel&#xE1;ndonos un pa&#xED;s pluricultural y multi&#xE9;tnico. Su obra nos interna de manera f&#xE1;cil y did&#xE1;ctica en las cinco grandes regiones del pa&#xED;s (andina, caribe, pac&#xED;fica, llanera e insular) mostr&#xE1;ndonos el folclore literario integrado por coplas, refranes, dichos y adivinanzas; el folclore musical con sus principales instrumentos, tonadas y cantos; el folclore coreogr&#xE1;fico, sus trajes, sus danzas y juegos del cuerpo; el folclore material expresado en las artesan&#xED;as, mitos, supersticiones, medicina popular, comidas y bebidas. El texto rese&#xF1;a las fiestas, carnavales y festivales m&#xE1;s importantes de la tradici&#xF3;n colombiana. Nos ilustra sobre la g&#xE9;nesis y simbiosis de las diferentes manifestaciones raciales y est&#xE9;ticas del pa&#xED;s. El texto y su recorrido, como dice el propio maestro, nos ense&#xF1;a que el folclore muere cuando se olvidan las ra&#xED;ces. Acompa&#xF1;ado de ilustraciones y cuadros que complementan la valiosa informaci&#xF3;n</subfield>
  </datafield>
  <datafield tag="521" ind1=" " ind2=" ">
    <subfield code="a">Recomendado para p&#xFA;blico en general</subfield>
  </datafield>
  <datafield tag="586" ind1=" " ind2=" ">
    <subfield code="a">Premio Nacional de Educaci&#xF3;n, a la vida y obra de un educador</subfield>
  </datafield>
  <datafield tag="650" ind1="0" ind2="7">
    <subfield code="a">Cultura popular</subfield>
    <subfield code="z">Colombia</subfield>
    <subfield code="2">lemb</subfield>
    <subfield code="9">61934</subfield>
  </datafield>
  <datafield tag="650" ind1="0" ind2="0">
    <subfield code="a">Musica Colombiana</subfield>
    <subfield code="2">LEMB</subfield>
  </datafield>
  <datafield tag="650" ind1="0" ind2="7">
    <subfield code="a">Folclor</subfield>
    <subfield code="z">Colombia</subfield>
    <subfield code="v">cuentos</subfield>
    <subfield code="2">LEMB</subfield>
    <subfield code="9">61935</subfield>
  </datafield>
  <datafield tag="655" ind1=" " ind2=" ">
    <subfield code="a">Cuentos</subfield>
    <subfield code="9">324660</subfield>
  </datafield>
  <datafield tag="700" ind1=" " ind2=" ">
    <subfield code="a">Garc&#xED;a Ochoa, Claudia</subfield>
    <subfield code="e">ill</subfield>
    <subfield code="9">39056</subfield>
  </datafield>
  <datafield tag="700" ind1=" " ind2=" ">
    <subfield code="a">Valencia, Daniel</subfield>
    <subfield code="e">pht</subfield>
    <subfield code="9">61936</subfield>
  </datafield>
  <datafield tag="700" ind1="1" ind2=" ">
    <subfield code="a">Ram&#xED;rez Santos, Alberto,</subfield>
    <subfield code="d">editor</subfield>
    <subfield code="e">edt</subfield>
    <subfield code="9">61937</subfield>
  </datafield>
  <datafield tag="942" ind1=" " ind2=" ">
    <subfield code="2">ddc</subfield>
    <subfield code="c">BK</subfield>
  </datafield>
  <datafield tag="999" ind1=" " ind2=" ">
    <subfield code="c">57877</subfield>
    <subfield code="d">57877</subfield>
  </datafield>
  <datafield tag="952" ind1=" " ind2=" ">
    <subfield code="0">0</subfield>
    <subfield code="1">0</subfield>
    <subfield code="2">ddc</subfield>
    <subfield code="4">0</subfield>
    <subfield code="7">0</subfield>
    <subfield code="8">GEN</subfield>
    <subfield code="a">MEMAPJGA</subfield>
    <subfield code="b">MEMAPJGA</subfield>
    <subfield code="c">GEN</subfield>
    <subfield code="d">2025-08-11</subfield>
    <subfield code="l">0</subfield>
    <subfield code="o">398.09861 A11a</subfield>
    <subfield code="p">MPJG00483</subfield>
    <subfield code="r">2025-08-11 21:59:01</subfield>
    <subfield code="t">Ej.1</subfield>
    <subfield code="w">2025-08-11</subfield>
    <subfield code="y">BK</subfield>
  </datafield>
</record>
